00334nam a2200121Ia 4500008004100000100004500041245005800086260002300144300000900167650001200176942000700188999001700195190216s9999||||xx |||||||||||||| ||und|| aMichael M Abbott And Hendrick C Van Ness 0aSchaum`S Series-Theory And Problems Of Thermodynamics bMcgraw -hillc1981 a334p aPhysics cBK c32979d32979